00000000nam 2200000zi 4500
0019.951087
003CaOODSP
00520250916114240
006m     o  d f      
007cr cn|||||||||
008250514t20252025qucabd  ob   f000 0 eng d
020 |a9780660772912
040 |aCaOODSP|beng|erda|cCaOODSP
043 |an-cn---
0861 |aEn4-9/2025E-PDF
1001 |aVachon, Dominic, |eauthor.
24510|aWater quality in the fluvial section : |bphysicochemical and bacteriological parameters / |cwriting, Dominic Vachon.
250 |a5th edition.
264 1|a[Gatineau, Quebec] : |b[Environment and Climate Change Canada] ; |aWinnipeg : |bCanada Water Agency, |c[2025]
264 4|c©2025
300 |a1 online resource (11 pages) : |bmap, illustrations, graphs
336 |atext|btxt|2rdacontent
337 |acomputer|bc|2rdamedia
338 |aonline resource|bcr|2rdacarrier
500 |aCover title.
500 |aIssued also in French under title: La qualité de l'eau du secteur fluvial : paramètres physicochimiques et bactériologiques.
504 |aIncludes bibliographical references (pages 9-10).
650 0|aWater quality|zSaint Lawrence River.
650 0|aWater|xPollution|zSaint Lawrence River.
7101 |aCanada. |bEnvironment and Climate Change Canada, |eissuing body.
7102 |aCanada Water Agency, |eissuing body.
77508|tLa qualité de l'eau du secteur fluvial : |w(CaOODSP)9.951089
795 |tWater quality in the fluvial section |w(CaOODSP)9.810656
85640|qPDF|s1.03 MB|uhttps://publications.gc.ca/collections/collection_2025/eccc/en4/En4-9-2025-eng.pdf
8564 |qHTML|sN/A|uhttps://www.canada.ca/en/canada-water-agency/freshwater-ecosystem-initiatives/st-lawrence-river/publications/water-quality-fluvial-section-physicochemical-bacteriological-parameters.html